| 000 | 01176nam0a22003011 4500 | ||
|---|---|---|---|
| 001 | v19\rc\1341465 | ||
| 005 | 20250618113411.0 | ||
| 035 | _a(NLR Aleph) 004552046 | ||
| 090 |
_a2155608 _c2155608 |
||
| 100 | _a20060512e18481848|||y0rusy50 ca | ||
| 101 | 0 | _arus | |
| 102 | _aRU | ||
| 105 | _ay z ||||| | ||
| 200 | 1 |
_aГора Богдо и озеро Баскунчацкое _fМ.Я. Киттары |
|
| 210 |
_a[Санкт-Петербург _d1848] |
||
| 215 |
_a24 с. _d24 |
||
| 309 | _aБез тит. л. и обл. | ||
| 311 | _aОтт. из "Журн. М. В. Д., ч. 24, кн. 10, 1848". С. 3-26 | ||
| 316 |
_aЭкз. РНБ (18.98.7.75): с автогр. авт. _5NLR: 18.98.7.75 |
||
| 488 | 0 |
_12001#$aЖурнал Министерства внутренних дел$v1848, ч. 24, кн. 10 _1215##$aС. 3-26 _tЖурнал Министерства внутренних дел |
|
| 607 | _aБогдо, г. | ||
| 607 | _aБаскунчацкое, о. | ||
| 700 | 1 |
_aКиттары _bМ.Я. _f1825-1880 _gМодест Яковлевич |
|
| 801 | 0 |
_aRU _bNLR _gpsbo |
|
| 801 | 1 |
_aRU _bProSoft-M _2rusmarc |
|
| 852 |
_aNLR _j18.98.7.75 |
||
| 942 | _cBOOK | ||
| 980 | _aNB | ||